000 00574nam a2200241Ia 4500
003 OSt
005 20220924135927.0
006 a|||||r|||| 00| 0
007 ta
008 220923b |||||||| |||| 00| 0 ben d
020 _c02
024 _a293072
037 _cTextual
040 _aARTS
_cARTS
_bben
041 _2ben
_aben
082 _aO157,1N044,1, J8
100 _aRoy
_9120881
245 0 _aDalim gachhe man
260 _c1958
650 _aBENGALI LITERATURE
942 _hO157,1N044,1, J8
_cTEXL
_2CC
999 _c442424
_d442424